Guide to estimating for small works (Record no. 106654)

MARC details
000 -LEADER
fixed length control field 01129cam a2200265 4500
001 - CONTROL NUMBER
control field L137129
008 - FIXED-LENGTH DATA ELEMENTS--GENERAL INFORMATION
fixed length control field 070315s2007 xxk f 000 0 eng d
020 ## - INTERNATIONAL STANDARD BOOK NUMBER
International Standard Book Number 9781904829515
035 ## - SYSTEM CONTROL NUMBER
System control number (Sirsi) u137129
041 0# - LANGUAGE CODE
Language code of text/sound track or separate title eng
050 04 - LIBRARY OF CONGRESS CALL NUMBER
Classification number 692.5 $2 18
240 00 - UNIFORM TITLE
Uniform title BCIS Wessex guide to estimating for small works 2007
245 00 - TITLE STATEMENT
Title Guide to estimating for small works
Remainder of title 2007
250 ## - EDITION STATEMENT
Edition statement 13th ed.
260 ## - PUBLICATION, DISTRIBUTION, ETC.
Place of publication, distribution, etc. Poole
Name of publisher, distributor, etc. BCIS Wessex
Date of publication, distribution, etc. 2007
300 ## - PHYSICAL DESCRIPTION
Extent Various pagings
Dimensions 21 x 30cm.
350 ## - PRICE (NR) (BK AM CF MU VM SE) [OBSOLETE]
Price £45
520 ## - SUMMARY, ETC.
Summary, etc. Provides prices and estimates for the specialised small works sector of the market. Contains: standard estimates for single storey flat and pitch roofs; standard estimates for two storey flat and pitch roofs; cost details and adjustments; rates for alteration work; rates for external works; basic prices, labour, plant and materials; and planning and building regulations fees.
520 ## - SUMMARY, ETC.
Summary, etc. Supersedes 12th ed. (E133368).
651 #4 - SUBJECT ADDED ENTRY--GEOGRAPHIC NAME
Geographic name United Kingdom
Chronological subdivision
690 ## - LOCAL SUBJECT ADDED ENTRY--TOPICAL TERM (OCLC, RLIN)
Topical term or geographic name as entry element BUILT ENVIRONMENT-BUILDING COSTS
700 1# - ADDED ENTRY--PERSONAL NAME
Personal name Barnett, N.P.
710 1# - ADDED ENTRY--CORPORATE NAME
Corporate name or jurisdiction name as entry element Building Cost Information Service
Subordinate unit Wessex
942 ## - ADDED ENTRY ELEMENTS (KOHA)
Suppress in OPAC 0
Holdings
Withdrawn status Lost status Source of classification or shelving scheme Damaged status Not for loan Home library Current library Shelving location Date acquired Total Checkouts Full call number Barcode Date last seen Copy number Price effective from Koha item type
    Dewey Decimal Classification     London London RICS Boxes 27/03/2007   RICS 2007/7 30072212 06/08/2019 1 06/08/2019 Archive
    Dewey Decimal Classification     London London RICS Boxes 09/01/2013   RICS 2007/7 30072238 06/08/2019 2 06/08/2019 Reference material